The crisis of authority in Catholic modernity / (Record no. 129120)
[ view plain ]
| 000 -LEADER | |
|---|---|
| fixed length control field | 02576cam a2200337 a 4500 |
| 001 - CONTROL NUMBER | |
| control field | 16331739 |
| 003 - CONTROL NUMBER IDENTIFIER | |
| control field | ARRUPE |
| 005 - DATE AND TIME OF LATEST TRANSACTION | |
| control field | 20190305110431.0 |
| 008 - FIXED-LENGTH DATA ELEMENTS--GENERAL INFORMATION | |
| fixed length control field | 100714s2011 nyua b 001 0 eng |
| 010 ## - LIBRARY OF CONGRESS CONTROL NUMBER | |
| LC control number | 2010029620 |
| 020 ## - INTERNATIONAL STANDARD BOOK NUMBER | |
| International Standard Book Number | 9780199778775 (hardcover : alk. paper) |
| 020 ## - INTERNATIONAL STANDARD BOOK NUMBER | |
| International Standard Book Number | 0199778779 (hardcover : alk. paper) |
| 020 ## - INTERNATIONAL STANDARD BOOK NUMBER | |
| International Standard Book Number | 9780199778782 (pbk. : alk. paper) |
| 020 ## - INTERNATIONAL STANDARD BOOK NUMBER | |
| International Standard Book Number | 0199778787 (pbk. : alk. paper) |
| 035 ## - SYSTEM CONTROL NUMBER | |
| System control number | (OCoLC)ocn649701981 |
| 040 ## - CATALOGING SOURCE | |
| Original cataloging agency | DLC |
| Transcribing agency | DLC |
| Modifying agency | YDX |
| -- | YDXCP |
| -- | BWX |
| -- | IAL |
| -- | CDX |
| -- | VVC |
| -- | IUL |
| -- | DLC |
| 050 00 - LIBRARY OF CONGRESS CALL NUMBER | |
| Classification number | BX1746 |
| Item number | .C68 2011 |
| 082 00 - DEWEY DECIMAL CLASSIFICATION NUMBER | |
| Classification number | 262/.8088282 |
| Edition number | 22 |
| 300 ## - PHYSICAL DESCRIPTION | |
| Other physical details | ill. ; |
| Dimensions | 24 cm. |
| 245 04 - TITLE STATEMENT | |
| Title | The crisis of authority in Catholic modernity / |
| Statement of responsibility, etc | edited by Michael J. Lacey and Francis Oakley. |
| 260 ## - PUBLICATION, DISTRIBUTION, ETC. (IMPRINT) | |
| Place of publication, distribution, etc | Oxford ; |
| -- | New York : |
| Name of publisher, distributor, etc | Oxford University Press, |
| Date of publication, distribution, etc | c2011. |
| 300 ## - PHYSICAL DESCRIPTION | |
| Extent | viii, 381 p. : |
| 504 ## - BIBLIOGRAPHY, ETC. NOTE | |
| Bibliography, etc | Includes bibliographical references and index. |
| 505 0# - FORMATTED CONTENTS NOTE | |
| Formatted contents note | History and the return of the repressed in Catholic modernity: the dilemma posed by Constance / Francis Oakley -- Leo's church and our own / Michael J. Lacey -- Benedict XVI and the interpretation of Vatican II / Joseph A. Komonchak -- Catholic tradition and traditions / Francis A. Sullivan -- Something there is that doesn't love a law: canon law and its discontents / John P. Beal -- A teaching church that learns?: Discerning "authentic" teaching in our times / Gerard Mannion -- Moral theology after Vatican II / Lisa Sowle Cahill -- Retrieving and reframing Catholic casuistry / M. Cathleen Kaveny -- Magisterial authority / Charles Taylor -- American Catholics and church authority / William V. D'Antonio ... [et al.] -- Souls and bodies: the birth control controversy and the collapse of confession / Leslie Woodcock Tentler -- Assessing the education of priests and lay ministers: content and consequences / Katarina Schuth -- Epilogue: The matter of unity / Francis Oakley -- Appendix: Remarks on interpreting the Second Vatican Council / Pope Benedict XVI. |
| 610 20 - SUBJECT ADDED ENTRY--CORPORATE NAME | |
| Corporate name or jurisdiction name as entry element | Catholic Church |
| General subdivision | Doctrines. |
| 9 (RLIN) | 44964 |
| 650 #0 - SUBJECT ADDED ENTRY--TOPICAL TERM | |
| Topical term or geographic name as entry element | Church |
| General subdivision | Authority. |
| 9 (RLIN) | 777 |
| 650 #0 - SUBJECT ADDED ENTRY--TOPICAL TERM | |
| Topical term or geographic name as entry element | Authority |
| General subdivision | Religious aspects |
| -- | Catholic Church. |
| 9 (RLIN) | 11074 |
| 700 1# - ADDED ENTRY--PERSONAL NAME | |
| Personal name | Lacey, Michael James. |
| 9 (RLIN) | 22962 |
| 700 1# - ADDED ENTRY--PERSONAL NAME | |
| Personal name | Oakley, Francis. |
| 9 (RLIN) | 44965 |
| 906 ## - LOCAL DATA ELEMENT F, LDF (RLIN) | |
| a | 7 |
| b | cbc |
| c | orignew |
| d | 1 |
| e | ecip |
| f | 20 |
| g | y-gencatlg |
| 942 ## - ADDED ENTRY ELEMENTS (KOHA) | |
| Source of classification or shelving scheme | Library of Congress Classification |
| Koha item type | Monograph ( Printed materials) |
| Withdrawn status | Lost status | Source of classification or shelving scheme | Damaged status | Not for loan | Collection code | Home library | Current library | Shelving location | Date acquired | Total Checkouts | Full call number | Barcode | Date last seen | Price effective from | Koha item type |
|---|---|---|---|---|---|---|---|---|---|---|---|---|---|---|---|
| Library of Congress Classification | Main Collection | ARRUPE LIBRARY | ARRUPE LIBRARY | Main Collection | 05/03/2019 | BX1746 .C68 2011 | 46600004063 | 05/03/2019 | 05/03/2019 | Monograph ( Printed materials) |